000 00433 a2200121 4500
100 1 _aKarbovskij, S.B..
_eAutor
700 1 _aSachredanov, V.N..
_eAutor
245 0 _aFerritovye cirkuljatory i ventili /
_cKarbovskij S.B., Sachredanov V.N..
710 2 _aSovetskoe Radio.
_eWydawca
_4pbl
260 _aMoskva :
_bSovetskoe Radio,
_c1970.
300 _a71 s.;
_c24 cm.
490 1 _aAdvanced Physics Monograph Series
830 0 _aAdvanced Physics Monograph Series
999 _c7401
_d7401